|
|
|
|
| LEADER |
01426nam a2200385Ia 4500 |
| 001 |
EBC3119945 |
| 003 |
MiAaPQ |
| 005 |
20200520144314.0 |
| 006 |
m o d | |
| 007 |
cr cn||||||||| |
| 008 |
120223s2012 enkab sb 001 0 eng d |
| 020 |
|
|
|z 184339085X
|
| 020 |
|
|
|z 9781780400761
|
| 020 |
|
|
|z 9781843390855
|
| 035 |
|
|
|a (MiAaPQ)EBC3119945
|
| 035 |
|
|
|a (Au-PeEL)EBL3119945
|
| 035 |
|
|
|a (CaPaEBR)ebr10733002
|
| 035 |
|
|
|a (CaONFJC)MIL572567
|
| 035 |
|
|
|a (OCoLC)843210013
|
| 040 |
|
|
|a MiAaPQ
|c MiAaPQ
|d MiAaPQ
|
| 050 |
|
4 |
|a RC113.5
|b .A76 2012
|
| 082 |
0 |
4 |
|a 614.56
|2 23
|
| 100 |
1 |
|
|a Armon, Robert.
|
| 245 |
1 |
0 |
|a Environmental aspects of zoonotic diseases
|h [electronic resource] /
|c Robert Armon and Uta Cheruti.
|
| 260 |
|
|
|a London ;
|a New York :
|b IWA Publishing,
|c c2012.
|
| 300 |
|
|
|a xvii, 492 p. :
|b ill. (chiefly col.), maps (chiefly col.)
|
| 504 |
|
|
|a Includes bibliographical references and index.
|
| 533 |
|
|
|a Electronic reproduction. Ann Arbor, MI : ProQuest, 2015. Available via World Wide Web. Access may be limited to ProQuest affiliated libraries.
|
| 650 |
|
0 |
|a Zoonoses
|x Environmental aspects.
|
| 650 |
|
0 |
|a Communicable diseases
|x Prevention.
|
| 650 |
|
0 |
|a Animals as carriers of disease.
|
| 655 |
|
4 |
|a Electronic books.
|
| 700 |
1 |
|
|a Cheruti, Uta.
|
| 710 |
2 |
|
|a ProQuest (Firm)
|
| 856 |
4 |
0 |
|u https://ebookcentral.proquest.com/lib/matrademy/detail.action?docID=3119945
|z Click to View
|